Entrepreneurship in tourism and hospitality industry / (Record no. 29682)
[ view plain ]
| 000 -LEADER | |
|---|---|
| fixed length control field | 01310nam a2200277 i 4500 |
| 003 - CONTROL NUMBER IDENTIFIER | |
| control field | CSPC |
| 005 - DATE AND TIME OF LATEST TRANSACTION | |
| control field | 20250814145956.0 |
| 008 - FIXED-LENGTH DATA ELEMENTS--GENERAL INFORMATION | |
| fixed length control field | 250603s2022 ph b 000 0 eng d |
| 020 ## - INTERNATIONAL STANDARD BOOK NUMBER | |
| International Standard Book Number | 9786218179073 |
| 040 ## - CATALOGING SOURCE | |
| Original cataloging agency | CSPC |
| Language of cataloging | eng |
| Transcribing agency | CSPC |
| Description conventions | rda |
| 082 04 - DEWEY DECIMAL CLASSIFICATION NUMBER | |
| Classification number | 338.04 |
| Item number | Ar332e |
| 100 1# - MAIN ENTRY--PERSONAL NAME | |
| Personal name | Arenas, Chester Dave G., |
| Relator term | author. |
| 245 10 - TITLE STATEMENT | |
| Title | Entrepreneurship in tourism and hospitality industry / |
| Statement of responsibility, etc. | Chester Dave G. Arenas. |
| 264 #1 - PRODUCTION, PUBLICATION, DISTRIBUTION, MANUFACTURE, AND COPYRIGHT NOTICE | |
| Place of production, publication, distribution, manufacture | Manila : |
| Name of producer, publisher, distributor, manufacturer | EDRIC Publishing House, |
| Date of production, publication, distribution, manufacture, or copyright notice | 2022. |
| 300 ## - PHYSICAL DESCRIPTION | |
| Extent | 91 pages ; |
| Dimensions | 25 cm. |
| 336 ## - CONTENT TYPE | |
| Source | rdacontent |
| Content type term | text |
| 337 ## - MEDIA TYPE | |
| Source | rdamedia |
| Media type term | unmediated |
| 338 ## - CARRIER TYPE | |
| Source | rdacarrier |
| Carrier type term | volume |
| 504 ## - BIBLIOGRAPHY, ETC. NOTE | |
| Bibliography, etc. note | Includes bibliographical references. |
| 505 0# - FORMATTED CONTENTS NOTE | |
| Formatted contents note | Unit I. Introduction to entrepreneurship -- Introduction to entrepreneurship -- The role of entrepreneurship in hospitality and tourism industry -- Unit II. Business plan -- Developing a business plan -- Market analysis -- Marketing strategies -- Unit III. Business implementation -- Starting and operating a business -- Introduction to bookkeeping -- Financial statement analysis. |
| 650 #4 - SUBJECT ADDED ENTRY--TOPICAL TERM | |
| Topical term or geographic name entry element | Entrepreneurship. |
| 650 #4 - SUBJECT ADDED ENTRY--TOPICAL TERM | |
| Topical term or geographic name entry element | Tourism. |
| 650 #4 - SUBJECT ADDED ENTRY--TOPICAL TERM | |
| Topical term or geographic name entry element | Hospitality industry. |
| 942 ## - ADDED ENTRY ELEMENTS (KOHA) | |
| Source of classification or shelving scheme | Dewey Decimal Classification |
| Suppress in OPAC | No |
| Koha item type | Books |
| Classification part | 338.04 |
| Item part | Ar332e |
| Call number prefix | FIL |
| Call number suffix | 2022 |
| Withdrawn status | Lost status | Source of classification or shelving scheme | Damaged status | Not for loan | Home library | Current library | Shelving location | Date acquired | Total Checkouts | Full call number | Barcode | Date last seen | Copy number | Price effective from | Koha item type | Total Renewals | Date last checked out |
|---|---|---|---|---|---|---|---|---|---|---|---|---|---|---|---|---|---|
| Dewey Decimal Classification | Main Library | Main Library | Filipiniana Section | 06/03/2025 | FIL 338.04 Ar332e 2022 | 029642 | 06/03/2025 | 1-2 | 06/03/2025 | Books | |||||||
| Dewey Decimal Classification | Main Library | Main Library | Filipiniana Section | 06/03/2025 | 2 | FIL 338.04 Ar332e 2022 | 029643 | 04/21/2026 | 2-2 | 06/03/2025 | Books | 2 | 02/20/2026 |